Memento

Bibliographic Details
Main Author: John, Radek, 1954- (Author)
Other Authors: Kališ, Igor (gup)
Format: Article
Language:Slovak
Subjects:

MARC

LEADER 00000nab a2200000 a 4500
001 vtls000287270
003 SK-MaSNL
005 20260302220439.0
008 160202c1987 xo 0 slo
015 |a SNBRB19rr/mm-uuuuu 
035 |a CL0297388 
040 |a SNKBUCL  |b slo  |c SNKBUCL  |e AACR2 
041 0 |a slo 
044 |a xo  |c SK 
080 |a 885.0-3  |2 1981 
100 1 |a John, Radek,  |d 1954-  |4 aut  |9 122983 
245 1 0 |a Memento  |c Radek John ; John Radek, Igor Kališ 
500 |a Ďalšie pokrač. vyšli v č. 160, 167, 172, 178, 184, 190, 196. 
650 0 7 |a romány spoločenské  |2 snkbucl  |9 402806 
655 7 |a články z novín a časopisov  |2 snkbucl  |9 267496 
655 7 |a články z odboru literárna veda a krásna literatúra  |2 snkbucl  |9 770045 
700 1 |a Kališ, Igor  |4 gup  |9 946209 
773 0 |t Smena  |g Roč. 40, č. 154-208 (1987), s. 3 
850 |a Slovenská národná knižnica v Martine  |a MTA001 
852 |a SNK  |b KIS3GCP 
958 |a RK 
958 |a CZ 
958 |a LX 
992 |a RBX 
999 |c 1507021  |d 1508951